Normal view
MARC view
Entry Término temático
001 - NÚMERO DE CONTROL
- campo de control: 157217
003 - IDENTIFICADOR DEL NÚMERO DE CONTROL
- campo de control: CHAP
005 - FECHA Y HORA DE LA ÚLTIMA TRANSACCIÓN
- campo de control: 20250709184413.0
008 - DATOS DE LONGITUD FIJA
- campo de control de longitud fija: 220127|| aca||aabn | a|a d
040 ## - FUENTE DE LA CATALOGACIÓN
- Centro catalogador/agencia de origen: mxchpua
- Centro/agencia transcriptor: CHAP
150 ## - ENCABEZAMIENTO--TÉRMINO DE MATERIA
- Término de materia o nombre geográfico como elemento de entrada: Honey and bee products
- Subdivisión geográfica: Mexico
- Subdivisión geográfica: Quintana Roo
670 ## - FUENTE DE DATOS ENCONTRADOS
- Cita de la fuente: Work cat.: (OSt)175790: Aguilar Gudino, Evelio 2721, Reporte de viaje de estudios del Sistema Agroindustrial apícola en el estado de Quintana Roo /, 2012
